Loading...
Any History | 5 | 12.00 | 80% | 40% | 0% |
Current Events | 2 | 15.00 | 100% | 50% | 0% |
Fine Arts - Classical Music | 8 | 17.50 | 100% | 75% | 0% |
Fine Arts - Other Fine Arts | 5 | 20.00 | 100% | 80% | 20% |
Geography | 4 | 15.00 | 75% | 50% | 25% |
History - American History | 9 | 12.22 | 100% | 22% | 0% |
History - European History | 10 | 10.00 | 90% | 10% | 0% |
History - World History | 12 | 12.50 | 100% | 17% | 8% |
Literature - American Literature | 5 | 16.00 | 100% | 20% | 40% |
Literature - British Literature | 10 | 13.00 | 100% | 20% | 10% |
Literature - European Literature | 9 | 15.56 | 100% | 44% | 11% |
Literature - World Literature | 5 | 16.00 | 100% | 60% | 0% |
Mythology | 4 | 15.00 | 75% | 50% | 25% |
Other Academic | 6 | 18.33 | 100% | 83% | 0% |
Painting & Sculpture | 9 | 14.44 | 100% | 33% | 11% |
Philosophy | 5 | 14.00 | 100% | 40% | 0% |
Religion | 7 | 14.29 | 100% | 43% | 0% |
Science - Biology | 7 | 18.57 | 100% | 86% | 0% |
Science - Chemistry | 10 | 18.00 | 100% | 70% | 10% |
Science - Other Science | 9 | 16.67 | 100% | 67% | 0% |
Science - Physics | 7 | 21.43 | 100% | 71% | 43% |
Social Science | 9 | 15.56 | 100% | 56% | 0% |